Panitikang Pilipino : (Record no. 80852)

MARC details
000 -LEADER
fixed length control field 01096nam a2200265z 4500
003 - CONTROL NUMBER IDENTIFIER
control field URS
005 - DATE AND TIME OF LATEST TRANSACTION
control field 20241111235918.0
008 - FIXED-LENGTH DATA ELEMENTS--GENERAL INFORMATION
fixed length control field 190312s2013 ph |||| |||| 000 0 fil |
020 ## - INTERNATIONAL STANDARD BOOK NUMBER
International Standard Book Number 971-0388-46-2
040 ## - CATALOGING SOURCE
Language of cataloging Tagalog
Transcribing agency URS
Description conventions rda
041 ## - LANGUAGE CODE
Language code of text/sound track or separate title fil
050 14 - LIBRARY OF CONGRESS CALL NUMBER
Classification number PL6061
Item number .M348 2008
100 1# - MAIN ENTRY--PERSONAL NAME
9 (RLIN) 487
Personal name Marquez, Servillano T. Jr.,
Relator term author
245 10 - TITLE STATEMENT
Title Panitikang Pilipino :
Remainder of title interaktibo at integratibong talakay /
Statement of responsibility, etc Servillano T. Marquez Jr., Ph.D. and Florante C. Garcia, Ph.D.
264 #1 - PUBLICATION, DISTRIBUTION, ETC. (IMPRINT)
Place of publication, distribution, etc Mandaluyong City :
Name of publisher, distributor, etc Books Atbp. Publishing Corp.,
Date of publication, distribution, etc ©2008.
300 ## - PHYSICAL DESCRIPTION
Extent xv, 356 pages :
Dimensions 23 cm.
336 ## - CONTENT TYPE
Source rdacontent
Content type term text
Content type code txt
337 ## - MEDIA TYPE
Source rdamedia
Media type term unmediated
Media type code n
338 ## - CARRIER TYPE
Source rdacarrier
Carrier type term volume
Carrier type code nc
504 ## - BIBLIOGRAPHY, ETC. NOTE
Bibliography, etc Includes bibliographical references (pages 355-356).
524 ## - PREFERRED CITATION OF DESCRIBED MATERIALS NOTE
Preferred citation of described materials note Marquez Jr., S. T., & Garcia, F. C. (2013). Panitikang Pilipino : interaktibo at integratibong talakay (alinsunod sa OBE) (2nd ed.). Mandaluyong City: Books Atbp. Publishing Corp.
650 #0 - SUBJECT ADDED ENTRY--TOPICAL TERM
9 (RLIN) 243
Topical term or geographic name as entry element Philippine literature
General subdivision Filipino
700 1# - ADDED ENTRY--PERSONAL NAME
9 (RLIN) 494
Personal name Garcia, Florante C.,
Relator term author.
942 ## - ADDED ENTRY ELEMENTS (KOHA)
Source of classification or shelving scheme Library of Congress Classification
Koha item type Filipiniana
Holdings
Withdrawn status Lost status Source of classification or shelving scheme Damaged status Not for loan Collection code Home library Current library Shelving location Date acquired Source of acquisition Total Checkouts Full call number Barcode Date last seen Copy number Koha item type
    Library of Congress Classification     Non-fiction Taytay College Library Taytay College Library Filipiniana Section 11/11/2010 Purchased   PL6061 .M348 2008 URSTAY-2328 06/02/2025 1 Filipiniana
    Library of Congress Classification     Non-fiction Taytay College Library Taytay College Library Filipiniana Section 11/11/2010 Purchased   PL6061 .M348 2008 URSTAY-2329 06/02/2025 2 Filipiniana
    Library of Congress Classification     Non-fiction Taytay College Library Taytay College Library Filipiniana Section 11/11/2010 Purchased   PL6061 .M348 2008 URSTAY-2330 06/02/2025 3 Filipiniana
    Library of Congress Classification     Non-fiction Taytay College Library Taytay College Library Filipiniana Section 11/11/2010 Purchased   PL6061 .M348 2008 URSTAY-2331 06/02/2025 4 Filipiniana
    Library of Congress Classification     Non-fiction Taytay College Library Taytay College Library Filipiniana Section 11/11/2010 Purchased   PL6061 .M348 2008 URSTAY-2332 06/02/2025 5 Filipiniana

University of Rizal System
Email us at univlibservices@urs.edu.ph

Visit our Website www.urs.edu.ph/library